000 00639nam a2200181Ia 4500
008 090124s9999 xx 000 0 und d
082 _b32172
100 _aमेहता शशिकला
245 _a माझं काय चुकलं
250 _a0
260 _b"निशीराज पब्लिकेशन अॅन्ड बाईंडर्स, पुणे"
_c1994
300 _a184
600 _aमेहता शशिकला
630 _a माझं काय चुकलं
700 _aमेहता शशिकला
730 _a माझं काय चुकलं
942 _cBOOK
999 _c98302
_d98302